Las hojas de las plantas como envoltura de alimentos / (Registro nro. 20221)
[ vista simple ]
| 000 -CABECERA | |
|---|---|
| Campo de control | 01117nam a2200289 a 4500 |
| 005 - FECHA Y HORA DE LA ULTIMA TRANSACCION | |
| Campo de control | 20180803170449.0 |
| 008 - ELEMENTOS DE LONGITUD FIJA—INFORMACION GENERAL | |
| Campo de control | 140424s2012 ck a gr 00010 spa d |
| 020 ## - ISBN | |
| ISBN | 9789587530599 |
| 020 ## - ISBN | |
| ISBN | 9789587530582 (obra completa) |
| 040 ## - FUENTE DE CATALOGACIÓN | |
| Agencia catalogadora original | CO-BoBLA |
| Agencia transcriptora | CO-BoBLA |
| Agencia Modificadora | CO-BoIAVH |
| 041 0# - IDIOMA | |
| Código de idioma para texto/pista de sonido o título separado | Español |
| 044 ## - PAÍS DE PUBLICACIÓN | |
| País de publicación | Colombia |
| 082 04 - NUMERO DE CLASIFICACION DECIMAL DEWEY | |
| Número de clasificación | 306.409861 |
| Número del ítem | P14h |
| 100 1# - ASIENTO PRINCIPAL--NOMBRE PERSONAL | |
| Nombre personal | Díaz Piedrahíta, Santiago |
| Fechas asociadas con el nombre | 1944-2014 |
| Término relacionado | autor |
| 9 (RLIN) | 91463 |
| 245 14 - MENCION DE TITULO | |
| Título | Las hojas de las plantas como envoltura de alimentos / |
| Mención de responsabilidad | Santiago Díaz Piedrahita ; ilustraciones de Manuel Estrada. |
| 250 ## - MENCION DE EDICION | |
| Mención de edición | Segunda edición. |
| 260 ## - PUBLICACION, DISTRIBUCION, ETC. (PIE DE IMPRENTA) | |
| Lugar de publicación, distribución, etc. | Bogotá (Colombia) : |
| Nombre del editor, distribuidor, etc. | Ministerio de Cultura, |
| Fecha de publicación, distribución, etc. | 2012. |
| 300 ## - DESCRIPCION FISICA | |
| Extensión | 115 páginas : |
| Otros detalles físicos | ilustraciones ; |
| Dimensiones | 21 x 17 cm. |
| 490 0# - MENCION DE SERIE | |
| Mención de serie | Biblioteca básica de cocinas tradicionales de Colombia ; |
| Designación numérica/secuencial del volumen | 12 |
| 504 ## - NOTA DE BIBLIOGRAFIA, ETC. | |
| Nota de bibliografía | Incluye referencias bibliográficas: páginas 113-114. |
| 650 26 - ASIENTO SECUNDARIO DE MATERIA - TERMINO TEMATICO | |
| Término temático o nombre geográfico como elemento de entrada | Alimentos |
| Subdivisión general | Envase |
| -- | Hojas |
| 9 (RLIN) | 91464 |
| 650 26 - ASIENTO SECUNDARIO DE MATERIA - TERMINO TEMATICO | |
| Término temático o nombre geográfico como elemento de entrada | Hojas |
| Subdivisión general | Alimentos |
| 9 (RLIN) | 91465 |
| 650 24 - ASIENTO SECUNDARIO DE MATERIA - TERMINO TEMATICO | |
| Término temático o nombre geográfico como elemento de entrada | Envoltura de alimentos |
| 9 (RLIN) | 91455 |
| 650 26 - ASIENTO SECUNDARIO DE MATERIA - TERMINO TEMATICO | |
| Término temático o nombre geográfico como elemento de entrada | Plantas útiles |
| 9 (RLIN) | 92936 |
| 700 1# - ASIENTO SECUNDARIO - NOMBRE PERSONAL | |
| Nombre personal | Estrada Delgado, Manuel |
| Fechas asociadas con el nombre | 1929- |
| Término de relación | ilustrador |
| 9 (RLIN) | 91467 |
| 942 ## - ELEMENTOS ADICIONALES (KOHA) | |
| Sistema de clasificación | Dewey Decimal Classification |
| Tipo de ítem | Libro |
| Withdrawn status | Lost status | Sistema de Clasificación | Damaged status | No para préstamo | Colección | Ubicación Permanente | Ubicación actual | Fecha de adquisición | Total Checkouts | Número topográfico | Inventario / Código de Barras | Date last seen | Date checked out | Ejemplar | Price effective from | Forma de adquisición | Tipo de material |
|---|---|---|---|---|---|---|---|---|---|---|---|---|---|---|---|---|---|
| Dewey Decimal Classification | General | Bogotá | Bogotá | 05/06/2018 | 1 | LB-306.409861 P14h | 030128 | 06/03/2019 | 06/03/2019 | V.12 Ej.1 | 05/06/2018 | Donación | Libro |